| 000 | 01109nam a22002417a 4500 | ||
|---|---|---|---|
| 999 |
_c6942 _d6942 |
||
| 003 | AR-CdUCM | ||
| 008 | 190319b ||||| |||| 00| 0 spa d | ||
| 020 | _a84-89297-75-4 | ||
| 040 |
_aMUNICIPALIDAD PROVINCIAL DEL CUSCO _cBIBLIOTECA MUNICIPAL DEL CUSCO |
||
| 082 |
_a674.38 / _bM22 |
||
| 110 |
_aJunta del Acuerdo de Cartagena PRID- MADERA _919564 |
||
| 245 | _aManual del Grupo Andino para el secado de maderas / | ||
| 260 |
_aLima : _bJunta del Acuerdo de Cartagena, _b1989. |
||
| 300 |
_a124 páginas ; _bilustraciones, figuras, tablas, _c29 cm. |
||
| 500 | _aAntes del titulo, Proyecto Subregional de Promoción Industrial de la Madera para Construcción. | ||
| 505 | _aContenido: Conceptos básicos acerca de la madera -- Bases físicas del secado de la madera -- Tecnología del secado de la madera -- La practica del secado de la madera -- Defectos del secado, causas y control ... | ||
| 650 |
_aMadera aserrada _919565 |
||
| 650 |
_aDesecación _919566 |
||
| 650 |
_aManuales _95970 |
||
| 710 |
_aComunidad Económica Europea (apoyo financiero) _919567 |
||
| 942 |
_2ddc _cLIBROS |
||
| 945 | _aachl | ||